[Event "Perth Metro CC-chE"]
[Site "Perth"]
[Date "2006.02.23"]
[Round "4"]
[White "Szente, L."]
[Black "Doherty, Tyrone"]
[Result "0-1"]
[WhiteElo "1123"]
[BlackElo "1024"]
[PlyCount "84"]
[EventDate "2006.02.02"]
[EventType "tourn"]
[EventRounds "9"]
[EventCountry "AUS"]
[SourceTitle "EXT 2010"]
[Source "ChessBase"]
[SourceDate "2010.11.25"]
[SourceVersion "1"]
[SourceVersionDate "2010.11.25"]
[SourceQuality "1"]

1. Nf3 d5 2. d4 Nf6 3. Bg5 h6 4. Bxf6 exf6 5. e3 Nc6 6. Bb5 Bd7 7. 0-0 a6 8. Ba4 Bd6 9. Bb3 Ne7 10. c4 c6 11. cxd5 0-0 12. Nc3 c5 13. Ne4 Nc8 14. dxc5 Be5 15. Nxe5 fxe5 16. Qh5 Qe8 17. Rac1 Bb5 18. Rfe1 Kh8 19. Ng3 Qd8 20. Qxe5 Ne7 21. Nh5 f6 22. Qe4 Qe8 23. Bc2 f5 24. Qh4 Nxd5 25. Nxg7 Kxg7 26. Qd4+ Nf6 27. Bxf5 Bc6 28. Qf4 Rd8 29. Qg3+ Kh8 30. Rc4 Rg8 31. Qh4 Rxg2+ 32. Kf1 Qf8 33. Qh3 Rg8 34. Rh4 Bg2+ 35. Qxg2 Rxg2 36. Kxg2 Qg7+ 37. Kf1 h5 38. Rh3 Qg5 39. Bb1 Qxc5 40. Bg6 Qb5+ 41. Kg1 Rg8 42. Rg3 h4 0-1

[Event "Perth Respini-D"]
[Site "Perth"]
[Date "2005.10.20"]
[Round "7"]
[White "Szente, L."]
[Black "Arnold, Matthew"]
[Result "1/2-1/2"]
[WhiteElo "1127"]
[BlackElo "1155"]
[PlyCount "89"]
[EventDate "2005.09.01"]
[EventType "tourn"]
[EventRounds "9"]
[EventCountry "AUS"]
[SourceTitle "EXT 2010"]
[Source "ChessBase"]
[SourceDate "2010.11.25"]
[SourceVersion "1"]
[SourceVersionDate "2010.11.25"]
[SourceQuality "1"]

1. Nf3 e6 2. d4 d5 3. c4 dxc4 4. e4 c5 5. Bxc4 cxd4 6. Qxd4 Qxd4 7. Nxd4 a6 8. 0-0 e5 9. Nf3 Nc6 10. Ng5 Nd8 11. Nc3 h6 12. Nf3 Nc6 13. Nd5 Bd6 14. Be3 Be6 15. Rac1 Bxd5 16. Bxd5 Nge7 17. Rfd1 Rd8 18. Bb6 Rd7 19. Nd2 Bc7 20. Nc4 Bxb6 21. Nxb6 Rd8 22. Bb3 Nd4 23. Nd5 Ne2+ 24. Kf1 Nxd5 25. Kxe2 Nf4+ 26. Kf3 0-0 27. g3 Ne6 28. Rd5 Nd4+ 29. Kg2 Nxb3 30. axb3 Rxd5 31. exd5 Rd8 32. Rd1 f5 33. Kf3 h5 34. h4 Kf7 35. Ke3 Kf6 36. f4 e4 37. Kd4 b6 38. Rc1 Rd6 39. Rc8 Ke7 40. Rh8 Rh6 41. Rc8 Rd6 42. Ra8 a5 43. Ke5 Rd8 44. Ra7+ Rd7 45. Ra8 1/2-1/2

[Event "Perth Respini-D"]
[Site "Perth"]
[Date "2005.09.08"]
[Round "2"]
[White "Szente, L."]
[Black "Benken, Dieter"]
[Result "1-0"]
[WhiteElo "1127"]
[BlackElo "1298"]
[PlyCount "85"]
[EventDate "2005.09.01"]
[EventType "tourn"]
[EventRounds "9"]
[EventCountry "AUS"]
[SourceTitle "EXT 2010"]
[Source "ChessBase"]
[SourceDate "2010.11.25"]
[SourceVersion "1"]
[SourceVersionDate "2010.11.25"]
[SourceQuality "1"]

1. d4 Nf6 2. c4 e6 3. Nc3 Bb4 4. Bd2 0-0 5. Nf3 c5 6. a3 Bxc3 7. bxc3 cxd4 8. cxd4 Ne4 9. e3 Nxd2 10. Qxd2 b6 11. Bd3 d6 12. Qc2 h6 13. Be4 d5 14. cxd5 exd5 15. Bd3 Nd7 16. 0-0 Nf6 17. Rac1 Bb7 18. Qc7 Rb8 19. Qxd8 Rfxd8 20. Rc7 Ne8 21. Rc3 Rbc8 22. Rfc1 Rxc3 23. Rxc3 Rc8 24. Rxc8 Bxc8 25. Ne5 Nd6 26. Nc6 Bd7 27. Nxa7 Nb7 28. Nb5 Na5 29. Nc7 Be6 30. Nxe6 fxe6 31. a4 Kf8 32. Kf1 Nb3 33. Ke2 Nc1+ 34. Kd2 Nxd3 35. Kxd3 Ke7 36. e4 dxe4+ 37. Kxe4 Kd6 38. g4 g5 39. f3 Ke7 40. Ke5 Kf7 41. d5 exd5 42. Kxd5 Ke7 43. Kc6 1-0

[Event "Perth Respini-D"]
[Site "Perth"]
[Date "2005.09.01"]
[Round "1"]
[White "Sainsbury, Gerard"]
[Black "Szente, L."]
[Result "1-0"]
[WhiteElo "1174"]
[BlackElo "1127"]
[PlyCount "69"]
[EventDate "2005.09.01"]
[EventType "tourn"]
[EventRounds "9"]
[EventCountry "AUS"]
[SourceTitle "EXT 2010"]
[Source "ChessBase"]
[SourceDate "2010.11.25"]
[SourceVersion "1"]
[SourceVersionDate "2010.11.25"]
[SourceQuality "1"]

1. d4 Nf6 2. Nf3 e6 3. e3 Be7 4. Bd3 0-0 5. 0-0 c5 6. c3 cxd4 7. cxd4 Nc6 8. e4 d5 9. e5 Nd7 10. Bd2 a6 11. Qc2 Nb4 12. Bxb4 Bxb4 13. Bxh7+ Kh8 14. Bd3 b5 15. Nbd2 Bb7 16. a3 Be7 17. Rac1 Rc8 18. Qb1 Nb6 19. Rfd1 Nc4 20. Rc2 Bxa3 21. Nxc4 bxc4 22. bxa3 cxd3 23. Rcd2 Bc6 24. Qxd3 Bb5 25. Qe3 Ba4 26. Re1 Rc4 27. Rb2 Qa5 28. Qg5 g6 29. Qh6+ Kg8 30. Reb1 Bb5 31. h4 Rfc8 32. Kh2 Qxa3 33. Ng5 Qe7 34. Qh7+ Kf8 35. Qh8# 1-0